000 00725nam a22002535i 4500
001 11696
003 ES-MaACL
005 20230906150144.0
007 t|
008 910610s1989 sp ||||0| spa j
020 _a84-239-2160-3
040 _aM-BN
_bspa
_cM-BN
080 _a860-32"19"
100 1 _aMenchaca, Antonio.
_980080
245 1 0 _aAmor siempre asediado y otros relatos /
_cAntonio Menchaca.
250 _a[2ª ed.].
260 _aMadrid :
_bEspasa-Calpe,
_c1989.
300 _a349 p ;
_c18 cm.
490 1 _aSelecciones austral ;
_v160
595 _aReimp. de la 1ª ed., 1989.
830 0 _aSelecciones austral ;
_v160
_9176520
852 _aES-MaACL
_jL-19031
_bR.125238
999 _c11696
_d11696